000 01039 a2200193 4500
020 _a0195776577
020 _a9780195776577
082 0 4 _a950
090 _c2031
_d2031
100 1 _aTalbot, Ian.
245 1 0 _aFreedom's cry :
_bthe popular dimension in the pakistan movement and partition experience in north-west india /
_cIan Talbot.
260 _a[S.l.] :
_bOxford University Press, USA,
_c1997.
300 _a268 p. ;
_c23 cm.
500 _aHardcover.
520 _aTalbot examines the role of popular participation in the Pakistan Movement and the social and psychological impact of the 1947 experience. He focuses particularly on the role of the ordinary citizen and the human dimension of Partition, draws extensively on fictional representation, and provides comprehensive data on refugee resettlement.
856 4 0 _3Amazon.com
_uhttp://www.amazon.com/exec/obidos/ASIN/0195776577/chopaconline-20
856 4 0 _3Amazon customer reviews
_uhttp://www.chopac.org/cgi-bin/tools/azrev.pl?q=0195776577
942 _aNBS
_cBK
_k954.91 TAL
999 _c344534
_d344534